{"text_format":"1","workbook":"xlsx","n_sheets":3,"sheets":["Pasiūlymas","Subtiekėjai","Taisykles"],"not_rendered":{"charts":0,"images":0,"macros":1,"external_links":0,"defined_names":0,"comments":0,"pivot_tables":0},"unopened":[],"bounds":{"document_bytes":16777216,"sheet_cells":100000,"rows_first":2000,"rows_last":500,"rows_between":2000,"halvings":0,"cell_chars":16384,"cell_head_chars":4096},"cells_cut":0,"cells_raw":0,"read":"whole","date_system":"1900"}

{"sheet":"Pasiūlymas","index":0,"n_rows":313,"n_cols":8,"rows_kept":313,"cut":false,"hidden":false,"merged":[[9,0,9,1],[9,2,9,4],[10,0,10,1],[10,2,10,4],[11,0,11,1],[11,2,11,4],[12,0,12,1],[12,2,12,4],[13,0,13,1],[13,2,13,4],[14,0,14,1],[14,2,14,4],[18,0,18,1],[18,2,18,4],[19,0,19,1],[19,2,19,4],[15,0,15,1],[15,2,15,4],[16,0,16,1],[16,2,16,4],[17,0,17,1],[17,2,17,4]]}
["Perkantysis subjektas, kuriam teikiamas pasiūlymas:",null,"VŠĮ Kauno klinikinė ligoninė"]
[]
[null,"PASIŪLYMAS"]
[null,"Elektros prekių pirkimas"]
[]
["Data:","2019.12.16"]
["Nr.:","PAS02627"]
["Vieta:","Kaunas"]
[]
["Tiekėjo arba tiekėjų grupės narių pavadinimas (-ai)",null,"UAB Skiraida"]
["Tiekėjo arba tiekėjo grupės narių juridinio asmens kodas (-ai) (tuo atveju, jei pasiūlymą teikia fizinis asmuo - verslo pažymėjimo Nr. ar pan.)",null,135233855]
["Tiekėjo arba tiekėjo grupės narių PVM mokėtojo kodas (-ai)",null,"LT352338515"]
["Tiekėjų grupės narys, atstovaujantis arba vadovaujantis  tiekėjų grupei (pildoma, jei pasiūlymą teikia tiekėjų grupė)"]
["Tiekėjo valdymo ar priežiūros organo narys (-iai) ar kitas asmuo (-ys), turintis (-ys) teisę atstovauti tiekėjui ar jį kontroliuoti, jo vardu priimti sprendimą, sudaryti sandorį",null,"Direktorius Jonas Jurevičius"]
["Tiekėjo arba atstovaujančio tiekėjų grupės nario adresas, telefono numeris, fakso numeris, el. paštas",null,"             A.Juozapavičiaus pr. 44, Kaunas                             8 37 341514, info@skiraida.lt"]
["Tiekėjo arba atstovaujančio tiekėjų grupės nario banko pavadinimas, banko kodas, sąskaitos Nr.",null,"Swedbank AB, LT747300010108730583"]
["Asmens, įgalioto pasirašyti sutartį, vardas, pavardė, pareigos",null,"Direktorius Jonas Jurevičius"]
["Asmens, atsakingo už pirkimą, vardas, pavardė,  telefono numeris, el. paštas",null,"             Vadybininkas Mindaugas Bumbulis,                       8 600 42024, mindaugas@skiraida.lt"]
[]
[]
[]
[]
[]
["Siūlomas pirkimo objektas visiškai atitinka pirkimo sąlygose nustatytus reikalavimus ir jo kaina yra:"]
[]
[]
[]
["Nr.","Pavadinimas","Kiekis","Mato vienetas","Kaina be PVM, Eur","Suma be PVM, Eur","Siūlomi produktai","Pabaiga2"]
["1.","Automatiniai išjungikliai, srovės nuotekų apsauginiai išjungėjai,variklių paleidimo kontaktoriai su šilumine rele, fotodavikliai\n"]
["1.1.","Vienfazis ,I  atj. 6 kA, In 3  A, „C“\n",30,"vnt.",1.19,{"$f":"IF(ISBLANK(E30),\"\", PRODUCT(C30,E30))","v":35.699999999999996},"Automatinis jungiklis FB1-63 1P C  3A 6kA"]
["1.2.","Vienfazis, I atj. 6 kA, In 6  A, „C“ \n",30,"vnt.",1.28,38.4,"Automatinis jungiklis FB1-63 1P C  6A 6kA"]
["1.3.","Vienfazis, I atj.  6 kA, In 10 A, „C“\n",20,"vnt.",1.28,25.6,"Automatinis jungiklis FB1-63 1P C  10A 6kA"]
["1.4.","Vienfazis ,I atj.  6 kA, In 16 A, „C\"\n",100,"vnt.",1.1299999999999999,112.99999999999999,"Automatinis jungiklis FB1-63 1P C  16A 6kA"]
["1.5.","Vienfazis ,I atj.  6kA, In 20 A, „C\"\n",100,"vnt.",1.19,119,"Automatinis jungiklis FB1-63 1P C  20A 6kA"]
["1.6.","Vienfazis, I atj. 6 kA, In 25 A, “C“\n",20,"vnt.",1.22,24.4,"Automatinis jungiklis FB1-63 1P C  25A 6kA"]
["1.7.","Vienfazis, I atj. 6 kA, In 32 A, „C“\n",20,"vnt.",1.38,27.599999999999998,"Automatinis jungiklis FB1-63 1P C  32A 6kA"]
["1.8.","Vienfazis ,I atj.  6 kA, In 40A, „C“\n",20,"vnt.",1.53,30.6,"Automatinis jungiklis FB1-63 1P C  40A 6kA"]
["1.9.","Trifazis, I atj.  6  kA, In 3 A, „C“ \n",40,"vnt.",3.51,140.39999999999998,"Automatinis jungiklis FB1-63 3P C  3A 6kA"]
["1.10.","Trifazis, Iatj.  6  kA, In 6 A, „C“ \n",20,"vnt.",4.66,93.2,"Automatinis jungiklis FB1-63 3P C  6A 6kA"]
["1.11.","Trifazis, I atj. 6 kA, In 10 A, „C“\n",60,"vnt.",3.54,212.4,"Automatinis jungiklis FB1-63 3P C  10A 6kA"]
["1.12.","Trifazis, I atj. 6 kA, In 16 A, „C“\n",100,"vnt.",3.37,337,"Automatinis jungiklis FB1-63 3P C  16A 6kA"]
["1.13.","Trifazis, I atj. 6 kA, In 20 A, „C“\n",100,"vnt.",3.59,359,"Automatinis jungiklis FB1-63 3P C  20A 6kA"]
["1.14.","Trifazis, I atj. 6 kA, In 25 A, “C“\n",20,"vnt.",3.69,73.8,"Automatinis jungiklis FB1-63 3P C  25A 6kA"]
["1.15.","Trifazis, I atj. 6 kA, In 32 A, „C“\n",20,"vnt.",4.13,82.6,"Automatinis jungiklis FB1-63 3P C  32A 6kA"]
["1.16.","Trifazis, I atj.  6 kA, In 40 A, „C“\n",20,"vnt.",4.13,82.6,"Automatinis jungiklis FB1-63 3P C  40A 6kA"]
["1.17.","Trifazis, I atj.  6 kA, In 63  A , „C“ \n",20,"vnt.",4.43,88.6,"Automatinis jungiklis FB1-63 3P C  63A 6kA"]
["1.18.","Vienfazis, I atj. 6 kA, In 6  A, „B“ \n",20,"vnt.",1.22,24.4,"Automatinis jungiklis FB1-63 1P B  6A 6kA"]
["1.19.","Vienfazis, I atj. 6kA, In 10 A, „B“\n",80,"vnt.",1.18,94.399999999999991,"Automatinis jungiklis FB1-63 1P B  10A 6kA"]
["1.20.","Vienfazis, I atj.  6 kA, In 16 A, „B\n",80,"vnt.",1.1299999999999999,90.399999999999991,"Automatinis jungiklis FB1-63 1P B  16A 6kA"]
["1.21.","Vienfazis, I atj.  6 kA, In 20 A, „B“\n",40,"vnt.",1.2,48,"Automatinis jungiklis FB1-63 1P B  20A 6kA"]
["1.22.","Trifazis, I atj.  6 kA, In 6  A, „B“ \n",20,"vnt.",3.37,67.400000000000006,"Automatinis jungiklis FB1-63 3P B 6A 6kA"]
["1.23.","Trifazis, I atj. 6 kA, In 10 A, „B“\n",30,"vnt.",3.25,97.5,"Automatinis jungiklis FB1-63 3P B 10A 6kA"]
["1.24.","Trifazis, I atj. 6 kA, In 16 A, „B“\n",30,"vnt.",3.09,92.699999999999989,"Automatinis jungiklis FB1-63 3P B 16A 6kA"]
["1.25.","Trifazis, I atj. 6 kA, In 20 A, „B“\n",30,"vnt.",3.29,98.7,"Automatinis jungiklis FB1-63 3P B 20A 6kA"]
["1.26.","Apsauginis išjungėjas .Vienfazė, 2P, IN  10 A, 30 mA\n",10,"vnt.",9.32,93.2,"Srovės nuotėkio relė FPR1-63 2P 10A 30mA"]
["1.27.","Apsauginis išjungėjas. Vienfazė, 2P, IN  16 A, 30 mA\n",80,"vnt.",8.5500000000000007,684,"Srovės nuotėkio relė FPR1-63 2P 16A 30mA"]
["1.28.","Apsauginis išjungėjas. Vienfazė, 2P, IN  20 A, 30 mA\n",40,"vnt.",9.32,372.8,"Srovės nuotėkio relė FPR1-63 2P 20A 30mA"]
["1.29.","Apsauginis išjungėjas. Vienfazė, 2P, IN  25 A, 30 mA\n",20,"vnt.",9.32,186.4,"Srovės nuotėkio relė FPR1-63 2P 25A 30mA"]
["1.30.","Apsauginis išjungėjas. Vienfazė, 2P, IN  40 A, 30 mA\n",4,"vnt.",9.32,37.28,"Srovės nuotėkio relė FPR1-63 2P 40A 30mA"]
["1.31.","Apsauginis išjungėjas. Trifazis,  4P, IN 10 A, 30 mA\n",10,"vnt.",13.82,138.19999999999999,"Srovės nuotekio relė FPR1 4P 10A 30mA"]
["1.32.","Apsauginis išjungėjas. Trifazis,  4P, IN 16 A, 30 mA\n",60,"vnt.",13.25,795,"Srovės nuotekio relė FPR1 4P 16A 30mA"]
["1.33.","Apsauginis išjungėjas. Trifazis,  4P, IN 20 A, 30 mA\n",40,"vnt.",13.25,530,"Srovės nuotekio relė FPR1 4P 20A 30mA"]
["1.34.","Apsauginis išjungėjas. Trifazis,  4P, IN 32 A, 30 mA\n",20,"vnt.",13.82,276.39999999999998,"Srovės nuotekio relė FPR1 4P 32A 30mA"]
["1.35.","Apsauginis išjungėjas. Trifazis,  4P, IN 40 A, 30 mA\n",10,"vnt.",13.82,138.19999999999999,"Srovės nuotekio relė FPR1 4P 40A 30mA"]
["1.36.","Variklių paleidimo kontaktoriai su šilumine rele. Varikliui iki 1 kW\n",4,"vnt.",21.62,86.48,"Variklio apsauga MKS1TM-2,5 (1,6-2,5A)"]
["1.37.","Variklių paleidimo kontaktoriai su šilumine rele. Varikliui  1-2  kW\n",4,"vnt.",21.62,86.48,"Variklio apsauga MKS1TM-4 (2,5-4,0A)"]
["1.38.","Variklių paleidimo kontaktoriai su šilumine rele. Varikliui iki 2-3 kW\n",2,"vnt.",21.62,43.24,"Variklio apsauga MKS1TM-6,3 (4-6,3A)"]
["1.39.","Variklių paleidimo kontaktoriai su šilumine rele. Varikliui iki 3-4 kW\n",2,"vnt.",21.62,43.24,"Variklio apsauga MKS1TM 10 (6,3-10A)"]
["1.40.","Foto daviklis, valdymo galia iki 1,5 kW\n",10,"vnt.",17.940000000000001,179.4,"Foto relė Night-Matic 2000 IP54 Steinel"]
["1.41.","Judesio daviklis, valdymo galia iki 1,5 kW\n",10,"vnt.",4.46,44.6,"Judesio jutiklis 180° CR-CR1000-00 GTV baltas"]
["1.42.","Saugikliai PR 63\n",30,"vnt.",1.8,54,"Saugiklis PR 63A Ø21x76mm"]
["1.43.","Saugiklis automatinis 16A, E27\n",30,"vnt.",2.4,72,"Automatinis kamštinis saugiklis PAR 16A E27"]
["1.44.","Saugikliai PN-2 arba analogas, įvairaus amperažo. Korpusas 100 A.\n",40,"vnt.",1.8,72,"Saugiklis PN2 100A"]
[null,null,null,null,"Suma be PVM",{"$f":"IF((SUMPRODUCT(--(F30:F73=\"\"))>0), \"\", SUM(F30:F73))","v":6430.3199999999979},{"$f":"IF((SUMPRODUCT(--(F30:F73=\"\"))>0), \"Neužpildytos visų objektų kainos\", \"\")","v":""}]
[null,null,null,null,"PVM suma",1350.37]
[null,null,null,null,"Suma su PVM",{"$f":"IF(ISBLANK(F75), \"\", SUM(F74:F75))","v":7780.6899999999978}]
[]
["2.","Elektros instaliacijos moduliniai skydeliai, rozetės, kištukai, potinkinės dėžutės, ilgikliai\n"]
["2.1.","Elektros instaliacijos moduliniai skydeliai. Potinkinis 8 modulių\n",2,"vnt.",6.13,{"$f":"IF(ISBLANK(E79),\"\", PRODUCT(C79,E79))","v":12.26},"Skydelis ECM8PT 8mod. p/t skaidrus IP40 ETI"]
["2.2.","Elektros instaliacijos moduliniai skydeliai. Potinkinis 12 modulių\n",2,"vnt.",7.78,15.56,"Skydelis ECM12PT 12mod. p/t skaidrus IP40 ETI"]
["2.3.","Elektros instaliacijos moduliniai skydeliai. Potinkinis 18 modulių\n",2,"vnt.",8.64,17.28,"Skydelis ECM18PT-S 18mod. p/t skaidrus IP40 ETI"]
["2.4.","Elektros instaliacijos moduliniai skydeliai. Potinkinis 24 modulių\n",8,"vnt.",10.4,83.2,"Skydelis ECM24PT-S 24mod. p/t skaidrus IP40 ETI"]
["2.5.","Elektros instaliacijos moduliniai skydeliai. Potinkinis 36 modulių\n",8,"vnt.",13.5,108,"Skydelis ECM36PT-S 36mod. p/t skaidrus IP40 ETI"]
["2.6.","Elektros instaliacijos moduliniai skydeliai. Virštinkinis 8 modulių\n",20,"vnt.",5.67,113.4,"Skydelis ECT8PO 8mod. v/t baltas IP40 ETI"]
["2.7.","Elektros instaliacijos moduliniai skydeliai. Virštinkinis 12 modulių\n",20,"vnt.",7.09,141.80000000000001,"Skydelis ECT12PO 12mod. v/t baltas IP40 ETI"]
["2.8.","Elektros instaliacijos moduliniai skydeliai. Virštinkinis 18 modulių\n",8,"vnt.",8.2899999999999991,66.319999999999993,"Skydelis ECT18PO-S 18mod. v/t baltas IP40 ETI"]
["2.9.","Elektros instaliacijos moduliniai skydeliai. Virštinkinis 24 modulių\n",8,"vnt.",10.39,83.12,"Skydelis ECT24PO-S 24mod. v/t baltas IP40 ETI"]
["2.10.","Elektros instaliacijos moduliniai skydeliai. Virštinkinis 36 modulių\n",4,"vnt.",14.03,56.12,"Skydelis ECT36PO-S 36mod. v/t baltas IP40 ETI"]
["2.11.","Elektros instaliacijos moduliniai skydeliai. Virštinkinis 4 modulių\n",12,"vnt.",0.96,11.52,"Skydelis S4/4mod. v/t IP30D su durelėm"]
["2.12.","Elektros instaliacijos moduliniai skydeliai. Potinkinis 4 modulių\n",12,"vnt.",3.22,38.64,"Skydelis 4mod. p/t skaidrus IP40"]
["2.13.","Paskirstymo dėžutė į gipsą pagilinta ≥Ǿ70 mm , su dangteliu.\n",300,"vnt.",0.28999999999999998,87,"Dėžutė PO70 73x46mm gipso kartonui"]
["2.14.","Paskirstymo dėžutė į gipsą pagilinta ≥Ǿ70 mm\n",300,"vnt.",0.28999999999999998,87,"Dėžutė PO70 73x46mm gipso kartonui"]
["2.15.","Blokas iš 2 jų paskirstymo dėžučių į gipsą\n",100,"vnt.",0.66,66,"Dėžutė į gipso plokštę 2 vietų ĮID2-66-003"]
["2.16.","Blokas iš 3 jų paskirstymo dėžučių į gipsą\n",100,"vnt.",0.88,88,"Dėžutė į gipso plokštę 3 vietų ĮID3-66-003"]
["2.17.","Dangtelis potinkinei dėžutei  ≥Ø80\n",200,"vnt.",7.0000000000000007E-2,14.000000000000002,"Dangtelis spyr. p/t dėžutei"]
["2.18.","Potinkinė paskirstymo dėžutė gili ≥Ǿ73 mm, su varžtais jungiklio pritvirtinimui, sujungiama\n",1000,"vnt.",0.12,120,"Dėžutė PK60F p/t gili su varžt. sujungiama"]
["2.19.","Potinkinės paskirstymo dėžutės gilios ≥Ǿ73 mm dangtelis\n",200,"vnt.",0.12,24,"Dangtelis potinkinei dėžutei MDD-1"]
["2.20.","Potinkinė paskirstymo dėžutė ≥Ǿ73 mm,su dangteliu\n",100,"vnt.",0.09,9,"Dėžutė PO70 su dangteliu Ø74mm p/t"]
["2.21.","Potinkinė paskirstymo dėžutė (118x96x50)±10%\n",20,"vnt.",0.6,12,"Potinkinė paskirstymo dėžutė 118x96x50 Pawbol"]
["2.22.","Potinkinė paskirstymo dėžutė (153x98x70)±10%\n",20,"vnt.",0.91,18.2,"Potinkinė paskirstymo dėžutė 153x98x70 Pawbol"]
["2.23.","Virštinkinė paskirstymo dėžutė (85x85x37)±10%  IP54\n",400,"vnt.",0.48,192,"Dėžutė 332-912 85x85x37 IP54"]
["2.24.","Virštinkinė paskirstymo dėžutė (100x100x50)±10% IP54\n",100,"vnt.",1.07,107,"Virštinkinė paskirstymo dėžutė 100x100x50 IP54 Pawbol"]
["2.25.","Rozetė  1F potinkinė su įžeminimo laidu, 16A, 250V~\n",600,"vnt.",1.19,714,"Kištukinis lizdas su įž. RP16-002-02D ST-150 baltas"]
["2.26.","Rozetė  1F potinkinė be įžeminimo laido, 16A, 250V~\n",200,"vnt.",0.98,196,"Kištukinis lizdas RP16-001-02D ST-150 baltas"]
["2.27.","Rozetė  1F potinkinė su įžeminimo laidu, 16A, 250V~ , dviguba\n",200,"vnt.",2.14,428,"Kištukinis lizdas 2 vietų su įž. RP16-021 ST150 baltas"]
["2.28.","Virštinkinė vienguba rozetė su įžeminimo laidu, 16 A\n",200,"vnt.",1.17,234,"Paviršinis kištukinis lizdas PKL16-010 A/B"]
["2.29.","Virštinkinė dviguba rozetė su įžeminimo laidu, 16 A\n",100,"vnt.",1.89,189,"Paviršinis kištukinis lizdas 2 vietų PKL16-005 A/B"]
["2.30.","Virštinkinė vienguba rozetė su įžeminimo laidu, 16 A, IP44\n",200,"vnt.",1.38,276,"Lizdas 1v. v/t Hermes IP44 skaidrus 0324-01"]
["2.31.","Rozetė virštinkinė 16A, 3F+N+PE,IP54, 30\n",20,"vnt.",1.95,39,"Kištukinis lizdas 5P 16A stac. 3S-115"]
["2.32.","Rozetė virštinkinė 32A, 3F+N+PE,IP54, 30\n",10,"vnt.",2.36,23.599999999999998,"Kištukinis lizdas 5P 32A stac. 3S-125"]
["2.33.","Kištukas 3F+N+PE, 16 A, pernešamas, IP44\n",20,"vnt.",1.52,{"$f":"IF(ISBLANK(E111),\"\", PRODUCT(C111,E111))","v":30.4},"Kištukas 5P 16A 3S-015 02503"]
["2.34.","Kištukas 3F+N+PE, 32 A, pernešamas IP44\n",10,"vnt.",2.2799999999999998,22.799999999999997,"Kištukas 5P 32A 3S-025 02506"]
["2.35.","Jungiklis potinkinis vienpolis  250V~, IP20\n",300,"vnt.",1.32,396,"Jungiklis 1kl. P110-010-02D ST-150 baltas"]
["2.36.","Jungiklis potinkinis dvipolis 250V~, IP20\n",40,"vnt.",1.55,62,"Jungiklis 2kl. P510-020-02D ST-150 baltas"]
["2.37.","Jungiklis potinkinis kryžminis\n",20,"vnt.",2.4900000000000002,49.800000000000004,"Perjungiklis kryžminis P710-010-02 ST-150 baltas"]
["2.38.","Jungikliai potinkinis su judesio davikliu\n",60,"vnt.",6.24,374.40000000000003,"Judesio jutiklis 160° p/t CR-CR4000-00 baltas"]
["2.39.","Potinkinis lizdas su PC 1 pajungimu RJ-45\n",60,"vnt.",2.46,147.6,"Lizdas 1 vietos KLRJ45-15E2-02 ST-150 baltas"]
["2.40.","Potinkinis lizdas su PC 2-iems pajungimams RJ-45\n",60,"vnt.",4.37,262.2,"Lizdas 2 vietų KLRJ45-25E2-02V ST-150 baltas"]
["2.41.","Potinkinis lizdas su PC+TEL  pajungimais\n",60,"vnt.",4.37,262.2,"Lizdas 2 vietų RJ45+RJ11 ST-150 baltas"]
["2.42.","Potinkinis lizdas su TV 1 pajungimu\n",100,"vnt.",1.78,178,"Antenos lizdas TVL01-02 ST-150 baltas"]
["2.43.","Vienos vietos  rėmelis\n",2000,"vnt.",0.21,420,"Rėmelis 1 vietos R01D ST-150 baltas"]
["2.44.","Dviejų vietų rėmelis\n",200,"vnt.",0.35,70,"Rėmelis 2 vietų R02D ST-150 baltas"]
["2.45.","Trijų vietų rėmelis\n",200,"vnt.",0.65,130,"Rėmelis 3 vietų R03D ST-150 baltas"]
["2.46.","Keturių vietų rėmelis\n",100,"vnt.",0.94,94,"Rėmelis 4 vietų R04D ST-150 baltas"]
["2.47.","Rozetė  1F potinkinė su įžeminimo laidu, su dangteliu 16A, 250V~\n",100,"vnt.",1.74,174,"Kištukinis lizdas RP16-003-02 IP44 įž. ST-150"]
["2.48.","Ilgiklis 10 m 4 lizdų 3x1,5 mm2 su įžeminimu\n",50,"vnt.",5.41,270.5,"Ilgiklis su įž. 10m. 4 lizdų 3x1.5mm²"]
["2.49.","Ilgiklis 25 m ,4 lizdų metalinėje ritėje, 3x2,5 mm2 su įžeminimu\n",15,"vnt.",54.37,815.55,"Būgninis ilgiklis Garant-S 25m, RR-F 3G2,5 IP44"]
["2.50.","Telefoninis lizdas, virštinkinis\n",120,"vnt.",0.44,52.8,"Telefono lizdas 1 vietos v/t EURO-1"]
["2.51.","Komutacinės dėžutės KD 05 tipo\n",200,"vnt.",1.49,298,"Komutacinė dėžutė KD05 82x20x25,5mm, 5 kontaktų"]
["2.52.","Telefoninis laidas(spyruoklinis nuo TA iki ragelio)\n",60,"vnt.",0.68,40.800000000000004,"Laidas telefono rageliui 4,2m"]
["2.53.","Telefono laidas (nuo rozetės iki TA) 4 gyslų\n",100,"vnt.",0.83,83,"Telefoninis laidas su kištukais 5m."]
["2.54.","Telefono laidas (nuo rozetės iki TA) 2 gyslų\n",100,"vnt.",0.48,48,"Telefoninis laidas su kištukais 2m."]
["2.55.","FC-025 perėjimas kištukas -lizdas\n",20,"vnt.",0.23,4.6000000000000005,"Perėjimas F kištukas-TV lizdas"]
["2.56.","FC-028 perėjimas lizdas-lizdas\n",20,"vnt.",0.23,4.6000000000000005,"Perėjimas F lizdas-TV lizdas"]
["2.57.","Telefoninis kištukas DH 1006 6P4\n",20,"vnt.",0.06,1.2,"Telefoninis kištukas RJ11 6P4C"]
["2.58.","Komutacinės dėžutės KD 10\n",20,"vnt.",1.62,32.400000000000006,"Komutacinė dėžutė KD10 69x21,5x54mm, 10 kontaktų"]
["2.59.","Telefoninis lizdas potinkinis\n",50,"vnt.",2.46,123,"Telefono lizdas 1 vietos TL 01-8 ST-150 baltas"]
["2.60.","Virštinkinis lizdas  PC 2-iems pajungimams RJ-45\n",100,"vnt.",1.04,104,"Lizdas komp. SWS-5E-1U-50 1 vietos v/t"]
["2.61.","Virštinkinis lizdas  PC 1 pajungimo RJ-45\n",100,"vnt.",1.98,198,"Lizdas komp. SWS-5E-2U-50 2 vietų v/t "]
[null,null,null,null,"Suma be PVM",{"$f":"IF((SUMPRODUCT(--(F79:F139=\"\"))>0), \"\", SUM(F79:F139))","v":8420.8700000000008},{"$f":"IF((SUMPRODUCT(--(F79:F139=\"\"))>0), \"Neužpildytos visų objektų kainos\", \"\")","v":""}]
[null,null,null,null,"PVM suma",1768.38]
[null,null,null,null,"Suma su PVM",{"$f":"IF(ISBLANK(F141), \"\", SUM(F140:F141))","v":10189.25}]
[]
["3.","Kabeliai, laidai, laidų priedai\n"]
["3.1.","PVC izol.,  plokščias 3x1,5 mm2 , monolitas, Cu\n",2000,"m",0.35,{"$f":"IF(ISBLANK(E145),\"\", PRODUCT(C145,E145))","v":700},"Kabelis YDYp 3x1,5"]
["3.2.","PVC izol. , plokščias 3x2,5 mm2, monolitas, Cu\n",2000,"m",0.54,1080,"Kabelis YDYp 3x2,5"]
["3.3.","PVC izol.,plokščias  3x4 mm2, monolitas,\n",600,"m",0.89,534,"Kabelis YDYp 3x4"]
["3.4.","PVC izol., V plokščias 5x2,5 mm2, monolitas, Cu\n",600,"m",0.93,558,"Kabelis YDYp 5x2,5"]
["3.5.","PVC izol., plokščias 5x4 mm2, monolitas, Cu\n",600,"m",1.26,756,"Kabelis YDYp 5x4"]
["3.6.","PVC izol., plokščias 5x6 mm2, monolitas, Cu\n",400,"m",1.83,732,"Kabelis YDYp 5x6"]
["3.7.","PVC izol., 5x10 mm2, monolitas, Cu\n",400,"m",3.09,1236,"Kabelis NYM-J 5x10"]
["3.8.","PVC izol. gyslos daugiavielės, Cu 3x1,5 mm2, lankstus\n",400,"m",0.37,148,"Kabelis H03VV-F 3x1,5"]
["3.9.","PVC izol. gyslos daugiavielės, Cu 3x2,5 mm2, lankstus\n",400,"m",0.64,256,"Kabelis H03VV-F 3x2,5"]
["3.10.","PVC izol.,  plokščias 3x1,0 mm2 monolitas, Cu\n",200,"m",0.27,54,"Kabelis YDYp 3x1"]
["3.11.","Lankstus laidas  PVC izol. Omy 3x1,0 mm2\n",200,"m",0.26,52,"Kabelis H03VV-F 3x1 "]
["3.12.","Daugiavielis laidas lankstus geltonai žalias 1x6 mm2\n",200,"m",0.42,84,"Laidas H07V-K 1x6 geltonai žalias"]
["3.13.","PVC izol., 5x4 mm2, monolitas, Cu\n",400,"m",1.5,600,"Kabelis CYKY 5x4"]
["3.14.","PVC izol., 5x6 mm2, monolitas, Cu\n",400,"m",2.1800000000000002,872.00000000000011,"Kabelis CYKY 5x6"]
["3.15.","PVC izol., 5x10 mm2, monolitas, Cu\n",400,"m",3.69,1476,"Kabelis CYKY 5x10"]
["3.16.","Izoliacinė juosta vini-tape \n",200,"vnt.",0.84,168,"Izoliacinė juosta Vini-Tape PVC 19mmx0,11mmx20m juoda"]
["3.17.","Užveržimo dirželiai nailoniniai 2,5[+-1]x100[+-10] mm\n",2000,"vnt.",0.01,20,"Laidų tvirtinimo dirželis 100x2,5mm juodas Haupa"]
["3.18.","Užveržimo dirželiai nailoniniai 3,6[+-2]x120[+-10] mm\n",2000,"vnt.",0.01,20,"Laidų tvirtinimo dirželis 120x3,6mm juodas Haupa"]
["3.19.","Užveržimo dirželiai nailoniniai 4,8[+-2]x180[+-10] mm\n",2000,"vnt.",0.02,40,"Laidų tvirtinimo dirželis 180x4,8mm juodas Haupa"]
["3.20.","Lipnios kabelių tvirtinimo kaladėlės baltos 26,5[+-1]x26,5[+-1]mm\n",2000,"vnt.",0.06,120,"Lipni aikštelė dirželiui 26,5x26,5mm balta Haupa"]
["3.21.","Susukamos laidų jungtys 1,5 -2,5 mm2 \n",1000,"vnt.",0.05,50," Laido antgalis užsukamas G-P75"]
["3.22.","Susukamos laidų jungtys 4- 6 mm2 \n",2000,"vnt.",7.0000000000000007E-2,140," Laido antgalis užsukamas G-P82"]
["3.23.","Susukamos laidų jungtys 2,5-4 mm2 \n",2000,"vnt.",0.06,120," Laido antgalis užsukamas G-P81"]
["3.24.","Kontaktinės kaladėlės su 2 varžteliai  10 mm2, bronzinis\n",200,"vnt.",0.95,190,"Gnybtas 10mm² 1142 1"]
["3.25.","Kontaktinės kaladėlės su 2 varžteliai  16 mm2 , bronzinis\n",200,"vnt.",1.87,374,"Gnybtas 16mm² 1152 1"]
["3.26.","Kontaktinės kaladėlės su 2 varžteliai  10 mm2, alavuotas\n",200,"vnt.",1.22,244,"Kontaktinė kaladėlė 10mm2 815.2363B"]
["3.27.","Kontaktinės kaladėlės su 2 varžteliai  16 mm2, alavuotas\n",200,"vnt.",1.31,262,"Kontaktinė kaladėlė 16mm2 815.2364B"]
["3.28.","Įzoliuoti gnybtai Cu laidų sujungimui: 1x(10- 16)+4x(2,5- 4)\n",200,"vnt.",1.84,368,"Gnybtas 1x10-16 + 4x2,5-4"]
["3.29.","Galūnės presuojamos Cu daugiavieliui laidui 1,0 mm2,  , Ø4÷8\n",100,"vnt.",0.02,2,"Antgalis laidui ST-002 1mm² Ø4 raudonas"]
["3.30.","Galūnės presuojamos Cu daugiavieliui laidui 1,5 mm2,  , Ø4÷8\n",100,"vnt.",0.04,4,"Antgalis laidui 1,5mm² Ø6 RV2-6 mėlynas"]
["3.31.","Galūnės presuojamos Cu daugiavieliui laidui 2,5 mm2,  , Ø4÷8\n",100,"vnt.",0.04,4,"Antgalis laidui ST-203 2,5mm² Ø5 RV5.5-5 geltonas"]
["3.32.","Galūnės presuojamos Cu daugiavieliui laidui 4,0 mm2 , Ø4÷8,\n",100,"vnt.",0.08,8,"Antgalis laidui ST-205 4mm Ø8 RV5-8 geltonas"]
["3.33.","Galūnės presuojamos Cu daugiavieliui laidui 6,0 mm2\n",40,"vnt.",0.04,{"$f":"IF(ISBLANK(E177),\"\", PRODUCT(C177,E177))","v":1.6},"Antgalis gilzė 6mm²/12 izoliuotas geltonas 270818 Haupa"]
["3.34.","Galūnės presuojamos aliuminio daugiavieliui laidui 16 mm2,  , kontakto pritvirtinimo kiaurymė Ø8\n",20,"vnt.",0.32,6.4,"Antgalis aliuminis DKA 16/8"]
["3.35.","Galūnės presuojamos aliuminio daugiavieliui laidui 25 mm2,  , kontakto pritvirtinimo kiaurymė Ø8\n",20,"vnt.",0.35,7,"Antgalis aliuminis DKA 25/8"]
["3.36.","Galūnės presuojamos aliuminio daugiavieliui laidui 35 mm2,  , kontakto pritvirtinimo kiaurymė Ø8\n",20,"vnt.",0.41,8.1999999999999993,"Antgalis aliuminis DKA 35/8"]
["3.37.","Instaliaciniai kabeliniai kanalai dėl rozečių montavimo 140[+-5]x60[+-3] mm\n",200,"m",4.92,984,"Instaliacinis lovelis 140x60"]
["3.38.","Kabeliniai cinkuoto metalo loveliai   50[+-2]x100[+-5]x2000[+-10] mm\n",40,"vnt.",5.48,219.20000000000002,"Cinkuoto metalo lovelis KGR100H50/4"]
["3.39.","Kabeliniai laikikliai plastikiniai su centriniu tvirtinami prie lubų  ,L-23[+-1] cm\n",400,"vnt.",1.98,792,"Laikiklis AWK/75 centrinis, tvirtinamas prie lubų"]
["3.40.","Apkabos laidams plokščios 6 mm\n",2000,"vnt.",0.02,40,"Kabelio laikiklis 6x10 2*25 baltas 262245 Haupa"]
["3.41.","Kabeliniai cinkuoto metalo loveliai  50[+-4]x20[+-2]x4000[+-10] mm\n",40,"vnt.",6.84,273.60000000000002,"Cinkuoto metalo lovelis KGR200H50/4"]
["3.42.","Kabelinio cinkuoto metalo lovelių tvirtinimo kampas  L 200[+-5] mm\n",100,"vnt.",0.69,69,"Lentyna WW200"]
["3.43.","PVC kanalai   20[+-2]x10[+-1]x2000[+-10] mm\n",100,"vnt.",0.96,96,"Instaliacinis lovelis 20x10"]
["3.44.","PVC kanalai   30[+-2]x10[+-1]x2000[+-10] mm\n",100,"vnt.",1.1200000000000001,112.00000000000001,"Instaliacinis lovelis 30x10"]
["3.45.","PVC kanalai   40[+-2]x20[+-1]x2000[+-10] mm\n",100,"vnt.",1.98,198,"Instaliacinis lovelis 40x20"]
["3.46.","Grindiniai PVC kanalai 50x12mm\n",100,"m",1.79,179,"Kanalas grindinis 50x12mm pilkas"]
["3.47.","Grindiniai PVC kanalai 75x18mm\n",100,"m",1.83,183,"Kanalas grindinis 75x18 pilkas"]
["3.48.","Grindiniai PVC kanalai 90x25mm\n",100,"m",4.55,455,"Kanalas grindinis 90x25mm pilkas"]
["3.49.","Pirštinis kabelio antgalis  daugiavieliams laidams - gilzė. Varinis – alavuotas,  1,5 mm2\n",200,"vnt.",0.02,4,"Antgalis gilzė 1,5mm²/8 izoliuotas juodas 270808 Haupa"]
["3.50.","Pirštinis kabelio antgalis  daugiavieliams laidams - gilzė. Varinis – alavuotas,  2,5 mm2\n",200,"vnt.",0.02,4,"Antgalis gilzė. 2,5mm²/8 izoliuotas mėlynas 270810 Haupa"]
["3.51.","Pirštinis kabelio antgalis  daugiavieliams laidams - gilzė. Varinis – alavuotas,  4 mm2\n",200,"vnt.",0.03,6,"Antgalis gilzė. 4mm²/10 izoliuotas pilkas 270814 Haupa"]
["3.52.","Termo susitraukiantys izoliaciniai vamzdeliai 7 mm2\n",40,"vnt.",0.25,10,"Termovamzdelis su klijais 7mm Q-VTK7"]
["3.53.","Termo susitraukiantys izoliaciniai vamzdeliai 9,5 mm2\n",40,"vnt.",0.28999999999999998,11.6,"Termovamzdelis RC 9.5/4.8"]
["3.54.","Termo susitraukiantys izoliaciniai vamzdeliai 12,7 mm2\n",20,"vnt.",0.45,9,"Termovamzdelis RC 12.7/6.4"]
["3.55.","Termo susitraukiantys izoliaciniai vamzdeliai su klijais 9,5 mm2\n",20,"vnt.",0.98,19.600000000000001,"Termovamzdelis su klijais 9.5mm Q-VTK9.5"]
["3.56.","Termo susitraukiantys izoliaciniai vamzdeliai 20 mm2\n",20,"vnt.",2.37,47.400000000000006,"Termovamzdelis su klijais SPK 20/6"]
["3.57.","Lydmetalis  1mm, 100[+-10] g  \n",20,"vnt.",2.95,59,"Lydmetalis Sn60Pb40 ø1 100g"]
["3.58.","Lydmetalis  2mm, 100[+-10] g  \n",20,"vnt.",3.16,63.2,"Lydmetalis Sn60Pb40 ø2 100g"]
["3.59.","Kanifolija\n",2,"kg",2.4500000000000002,4.9000000000000004,"Kanifolija AG chemia"]
["3.60.","Laidas telefoninis TKPV 1x2x0,5\n",400,"m",0.14000000000000001,56.000000000000007,"Kabelis telefoninis TKPV 1x2x0,5"]
["3.61.","Laidas telefoninis TKPV 1x4x0,5\n",1000,"m",0.19,190,"Kabelis telefoninis TKPV 1x4x0,5"]
["3.62.","Koksalinis kabelis 75 Ω\n",1000,"m",0.12,120,"Kabelis TV RG6U baltas"]
["3.63.","Kabelis UTP, 5 kategorija\n",1000,"m",0.21,210,"Kabelis UTP-CAT5 4x2x0,5 pilkas"]
[null,null,null,null,"Suma be PVM",{"$f":"IF((SUMPRODUCT(--(F145:F207=\"\"))>0), \"\", SUM(F145:F207))","v":15710.700000000003},{"$f":"IF((SUMPRODUCT(--(F145:F207=\"\"))>0), \"Neužpildytos visų objektų kainos\", \"\")","v":""}]
[null,null,null,null,"PVM suma",3299.25]
[null,null,null,null,"Suma su PVM",{"$f":"IF(ISBLANK(F209), \"\", SUM(F208:F209))","v":19009.950000000004}]
[]
["4.","Montažo įrankiai, priedai, elektriniai įtaisai\n"]
["4.1.","Izoliuotų įrankių komplektas  iki 1000 V ,darbui po įtampa \n",20,"kompl.","Tiekėjo currency",{"$f":"IF(ISBLANK(E213),\"\", PRODUCT(C213,E213))","v":20},"Tiekėjo text"]
["4.2.","Dvipolis įtampos indikatorius su vibraciniu signalizacijos įtaisu\n",20,"vnt.","Tiekėjo currency",20,"Tiekėjo text"]
["4.3.","Kabelių, laidų ieškiklis (lokatorius)\n",4,"vnt.","Tiekėjo currency",4,"Tiekėjo text"]
["4.4.","Instaliacijos  matuoklis \n",2,"vnt.","Tiekėjo currency",2,"Tiekėjo text"]
["4.5.","IR jutiklis ne mažiau 80 x 60\n",2,"vnt.","Tiekėjo currency",2,"Tiekėjo text"]
["4.6.","Kabelių iki 1 kV nužievinimo peilis\n",20,"vnt.","Tiekėjo currency",20,"Tiekėjo text"]
["4.7.","Kabelių antgalių 1,5÷10 mm2 replės\n",20,"vnt.","Tiekėjo currency",20,"Tiekėjo text"]
["4.8.","Kabelių antgalių 16÷50 mm2 presas\n",20,"vnt.","Tiekėjo currency",20,"Tiekėjo text"]
["4.9.","Kabelių gyslų 1,5÷10 mm2 nužievinimo replės\n",20,"vnt.","Tiekėjo currency",20,"Tiekėjo text"]
["4.10.","Plakatas „Atsargiai elektros srovė“ ,50 mm lipdukai iš plastiko\n",100,"vnt.","Tiekėjo currency",100,"Tiekėjo text"]
["4.11.","Plakatas „Atsargiai elektros srovė“ ,160 mm lipdukai iš plastiko\n",40,"vnt.","Tiekėjo currency",40,"Tiekėjo text"]
["4.12.","Plakatas „Atsargiai elektros srovė“  ,280 mm, lipdukai iš plastiko\n",40,"vnt.","Tiekėjo currency",40,"Tiekėjo text"]
["4.13.","Prožektorius LED nešiojamas, ≥500 Lm, su įkraunamais elementais, komplekte su įkrovikliu\n",40,"vnt.","Tiekėjo currency",40,"Tiekėjo text"]
["4.14.","Prožektorius LED ant galvos ,≥250 Lm, naudojami elementai tipo  AAA\n",50,"vnt.","Tiekėjo currency",50,"Tiekėjo text"]
["4.15.","Įžeminimo variuotas elektrodas Ø14,2 mm, su sriegiiu\n",20,"vnt.","Tiekėjo currency",20,"Tiekėjo text"]
["4.16.","Įžeminimo variuoto elektrodų sujungimo mova, elektrodams Ø14,2 mm su sriegiu  \n",20,"vnt.","Tiekėjo currency",20,"Tiekėjo text"]
["4.17.","Rankena saugikliams NH00-3 VDE 1000V\n",2,"vnt.","Tiekėjo currency",2,"Tiekėjo text"]
["4.18.","Izoliuotų įrankių komplektas darbui po įtampa iki 1000 V\n",5,"kompl.","Tiekėjo currency",5,"Tiekėjo text"]
["4.19.","Veido skydelis\n",5,"vnt.","Tiekėjo currency",5,"Tiekėjo text"]
[null,null,null,null,"Suma be PVM",{"$f":"IF((SUMPRODUCT(--(F213:F231=\"\"))>0), \"\", SUM(F213:F231))","v":450},{"$f":"IF((SUMPRODUCT(--(F213:F231=\"\"))>0), \"Neužpildytos visų objektų kainos\", \"\")","v":""}]
[null,null,null,null,"PVM suma","Tiekėjo currency"]
[null,null,null,null,"Suma su PVM",{"$f":"IF(ISBLANK(F233), \"\", SUM(F232:F233))","v":450}]
[]
["5.","Šviestuvai\n"]
["5.1.","Šviestuvas LED, 3W, IP44, paviršinis, evakuacinis, 3h, prie lubų, su lipduku\n",30,"vnt.","Tiekėjo currency",{"$f":"IF(ISBLANK(E237),\"\", PRODUCT(C237,E237))","v":30},"Tiekėjo text"]
["5.2.","Šviestuvas LED, 3W, IP44, paviršinis, evakuacinis, 3h, prie sienos, su lipduku\n",30,"vnt.","Tiekėjo currency",30,"Tiekėjo text"]
["5.3.","Stalinis šviestuvas, LED, aukštis iki 500 mm, reguliuojamas, pastatomas, padas 150 ± 10 mm \n",100,"vnt.","Tiekėjo currency",100,"Tiekėjo text"]
["5.4.","U vard. 230 V. Šviestuvų  LED įj. /išj. ciklų skaičius≥25000 kartų, degimo laikas nemažiau 30000 val.\n",200,"vnt.","Tiekėjo currency",200,"Tiekėjo text"]
["5.5.","Šviestuvas LED į Amstrong“ tipo lubas 600X600X50 IP45 baltas 4000 K, ≥4000 lm, ≥ A+\n",200,"vnt.","Tiekėjo currency",200,"Tiekėjo text"]
["5.6.","Šviestuvas LED ant lubų 300x1200x60 IP20 baltas 4000K ≥4500 Lm, 4000 Lm, ≥ A+\n",100,"vnt.","Tiekėjo currency",100,"Tiekėjo text"]
["5.7.","Šviestuvas LED ant lubų 300x1200x60 IP45 baltas 4000K ≥4500 Lm, 4000 lm, ≥ A+\n",100,"vnt.","Tiekėjo currency",100,"Tiekėjo text"]
["5.8.","Šviestuvas LED ant lubų 600x600x60 IP20 baltas, ≥ 4000K 4000 Lm, ≥A+\n",100,"vnt.","Tiekėjo currency",100,"Tiekėjo text"]
["5.9.","LED šviestuvai  matiniu plastmasiniu gaubtu su 2 lempomis, 4000 K, ≥4000 Lm, IP45, A+, 1200 mm\n",100,"vnt.","Tiekėjo currency",100,"Tiekėjo text"]
["5.10.","LED šviestuvai  matiniu plastmasiniu gaubtu 1 lempa 4000 K, ≥2000 Lm, A+,IP40, 1200mm\n",60,"vnt.","Tiekėjo currency",60,"Tiekėjo text"]
["5.11.","LED šviestuvai  matiniu plastmasiniu gaubtu su 2 lempomis , 4000 K, ≥6000 Lm, IP65, A+, 1500 mm\n",20,"vnt.","Tiekėjo currency",20,"Tiekėjo text"]
["5.12.","LED šviestuvai  matiniu plastmasiniu gaubtu su 1 lempa , 4000 K, ≥1000 Lm, IP45, A+ ,  ir jungtuku",20,"vnt.","Tiekėjo currency",20,"Tiekėjo text"]
["5.13.","LED plafonas apvalus , aliuminis korpusas, difuzorius matinis, sieninis ,su mikrobanginiu  judesiu davikliu, 15 W,IP20 , ≥1200 Lm, A+, \n",20,"vnt.","Tiekėjo currency",20,"Tiekėjo text"]
["5.14.","LED šviestuvas  su 1 arba 2 rozetėmis, difuzorius matinis ,12 W, ≥900 Lm,  A+, švietimas  45o kampu , IP44\n",30,"vnt.","Tiekėjo currency",30,"Tiekėjo text"]
["5.15.","Šviestuvas LED su judesio davikliu, baltas gaubtas, difuzorius matinis, IP44 ≥220*220, ≥1000 Lm,A+\n",10,"vnt.","Tiekėjo currency",10,"Tiekėjo text"]
["5.16.","LED prožektorius, IP65, 50 W, aliuminio korpuse, \n",10,"vnt.","Tiekėjo currency",10,"Tiekėjo text"]
["5.17.","Šviestuvas lauko apšvietimui LED IP65 50W 110-240V,\n",20,"vnt.","Tiekėjo currency",20,"Tiekėjo text"]
["5.18.","Šviestuvas LED 1OW su judesio davikliu, baltas, difuzorius matinis, IP20, A+,600 mm\n\n",30,"vnt.","Tiekėjo currency",30,"Tiekėjo text"]
["5.19.","LED prožektorius, IP65, 50 W, aliuminio korpuse, su judesio davikliu\n",10,"vnt.","Tiekėjo currency",10,"Tiekėjo text"]
["5.20.","LED šviestuvas apvalus, Ø285 mm, ≥1700 Lm, ≥A+, tvirtinamas į „ Amstrong“ tipo lubas, IP45\n\n",50,"vnt.","Tiekėjo currency",50,"Tiekėjo text"]
["5.21.","LED šviestuvas apvalus, Ø170 mm, ≥1000 Lm, ≥A+, tvirtinamas į „ Amstrong“ tipo lubas,IP45\n\n",50,"vnt.","Tiekėjo currency",50,"Tiekėjo text"]
["5.22.","LED šviestuvas  , difuzorius matinis ,12 W, ≥900 Lm,  A+, keičiamu švietimo kampu , IP44\n",50,"vnt.","Tiekėjo currency",50,"Tiekėjo text"]
["5.23.","LED šviestuvas apvalus, Ø285 mm, ≥1700 Lm, ≥A+, tvirtinamas į „ Amstrong“ tipo lubas, IP20\n\n",50,"vnt.","Tiekėjo currency",50,"Tiekėjo text"]
["5.24.","LED šviestuvas apvalus, Ø170 mm, ≥1000 Lm, ≥A+, tvirtinamas į „ Amstrong“ tipo lubas,IP20\n\n",50,"vnt.","Tiekėjo currency",50,"Tiekėjo text"]
["5.25.","LED šviestuvas apvalus, plafonas ,tvirtinamas ant sienos≥900 Lm, ≥A+, IP20\n\n",25,"vnt.","Tiekėjo currency",25,"Tiekėjo text"]
["5.26.","LED šviestuvas apvalus, plafonas ,tvirtinamas ant sienos≥900 Lm, ≥A+, IP45\n\n",25,"vnt.","Tiekėjo currency",25,"Tiekėjo text"]
["5.27.","LED prožektorius, IP65, 50 W, aliuminio korpuse, su judesio davikliu\n",10,"vnt.","Tiekėjo currency",10,"Tiekėjo text"]
[null,null,null,null,"Suma be PVM",{"$f":"IF((SUMPRODUCT(--(F237:F263=\"\"))>0), \"\", SUM(F237:F263))","v":1500},{"$f":"IF((SUMPRODUCT(--(F237:F263=\"\"))>0), \"Neužpildytos visų objektų kainos\", \"\")","v":""}]
[null,null,null,null,"PVM suma","Tiekėjo currency"]
[null,null,null,null,"Suma su PVM",{"$f":"IF(ISBLANK(F265), \"\", SUM(F264:F265))","v":1500}]
[]
["6.","Lemputės,patronai\n"]
["6.1.","Lemputės LED  E14, 4000K 9W, burbulas\n",300,"vnt.",1.69,{"$f":"IF(ISBLANK(E269),\"\", PRODUCT(C269,E269))","v":507},"Lempa LED 9W E14 4000K 806lm"]
["6.2.","Lemputės LED  E14, 4000K 12W, burbulas\n",300,"vnt.",1.74,522,"Lempa LED 12W E14 4000K"]
["6.3.","Lemputės LED  E14, 450Lm, 3000K 12W, R50 ,matinė\n",50,"vnt.",1.65,82.5,"Lempa LED 12W E14 3000K R50"]
["6.4.","Lemputės LED  E27 4000K 13W, burbulas\n",300,"vnt.",1.89,567,"Lempa LED 13W E27 200° 3000K 1250lm"]
["6.5.","Lemputė 130 V, 2W, kaitrinė, automatikos grandinėms\n",300,"vnt.",1.47,441,"Lemputė BA9s 130V 2W"]
["6.6.","Lemputės LED  E27 4000K 15W, burbulas\n",300,"vnt.",1.62,486.00000000000006,"Lempa LED E27 15W 4000K"]
["6.7.","Halogeninės lempos 230V 500W J118 mm\n",100,"vnt.",0.99,99,"Lempa halog. R7s J-500W 118mm Kanlux 10416"]
["6.8.","Lemputė 24 V, 2W, kaitrinė, automatikos grandinėms\n",300,"vnt.",0.35,105,"Lemputė BA9s 24V 2W"]
["6.9.","Halogeninės lempos 230V 100 W J78 mm\n",100,"vnt.",0.99,99,"Lempa halog. R7s J-100W 78mm Kanlux"]
["6.10.","Halogeninės lempos 24 V, 70W, H3\n",100,"vnt.",1.52,152,"Halogeninė lemputė H3 24V 70W"]
["6.11.","Halogeninės lempos JC G4 12  OW\n",100,"vnt.",0.35,35,"Lempa halog. JC-10W 12V G4 Kanlux"]
["6.12.","Kompaktinės liuminiscencinės lempos 9 W G23\n",100,"vnt.",1.95,195,"Lempa kompaktinė lium. 9W/840 G23 Osram Dulux'S"]
["6.13.","Kompaktinės liuminiscencinės lempos 11 W G23\n",100,"vnt.",1.92,192,"Lempa kompaktinė lium. 11W/840 G23 Osram Dulux'S"]
["6.14.","Kompaktinės liuminiscencinės lempos 18 W G 23\n",200,"vnt.",1.67,334,"Lempa kompaktinė lium. 18W/840 G23 Osram Dulux'S"]
["6.15.","Kompaktinės liuminiscencinės lempos 18 W G24\n",40,"vnt.",2.09,83.6,"Lempa Dulux D 18W/840/2P G24D-2 Osram"]
["6.16.","Kompaktinės liuminiscencinės lempos 20 W G4\n",40,"vnt.",0.35,14,"empa halog. 12V JC-20W G4 Kanlux 10724"]
["6.17.","LED lempos, 4000 K, A, 10 W, L-60 cm\n",200,"vnt.",3.25,650,"LED lempa T8 G13 10W 600mm 4000K 850lm"]
["6.18.","LED lempos, 4000 K, A, 18 W L-120 cm\n",200,"vnt.",2.78,556,"LED lempa T8 G13 18W 1200mm 4000K 1600lm"]
["6.19.","Liuminiscencinė lempa 10 W, L-35 cm\n",300,"vnt.",1.31,393,"Liuminescensinė lempa T8 G13 10W"]
["6.20.","Liuminiscencinė lempa 15W, L-45 cm\n",300,"vnt.",2.59,777,"Lempa lium. TLD 15W/840 Philips"]
["6.21.","Droselis HELVR CE elektroninis balastas EL 3/4x 18s arba lygiavertis\n",300,"vnt.",6.12,1836,"Elektroninis balastas PCXc 4x18W 418.700"]
["6.22.","Starteriai 4-65 W, 220/240 V\n",500,"vnt.",0.28000000000000003,140,"Starteris S10 4-65W Philips"]
["6.23.","Starteriai 4-22 W, 220/240 V\n",500,"vnt.",0.28000000000000003,140,"Starteris S2 4-22W Philips"]
[null,null,null,null,"Suma be PVM",{"$f":"IF((SUMPRODUCT(--(F269:F291=\"\"))>0), \"\", SUM(F269:F291))","v":8406.1},{"$f":"IF((SUMPRODUCT(--(F269:F291=\"\"))>0), \"Neužpildytos visų objektų kainos\", \"\")","v":""}]
[null,null,null,null,"PVM suma",1765.28]
[null,null,null,null,"Suma su PVM",{"$f":"IF(ISBLANK(F293), \"\", SUM(F292:F293))","v":10171.380000000001}]
[]
["7.","Buitiniai elektriniai ventiliatoriai, tv signalo stiprintuvai\n"]
["7.1.","TV signalo stiprintuvas",10,"vnt.",2.74,{"$f":"IF(ISBLANK(E297),\"\", PRODUCT(C297,E297))","v":27.400000000000002},"Antenos stiprintuvas LNA-414 FM"]
["7.2.","Ventiliatorius pastatomas, 3 jų greičių ,su tinkliukine apsauga\n",100,"vnt.",26.76,{"$f":"IF(ISBLANK(E298),\"\", PRODUCT(C298,E298))","v":2676},"Ventiliatorius stalinis FT30-15H 30cm"]
["7.3.","Ventiliatorius stalinis, , 3 greičių, su tinkliukine apsauga\n",50,"vnt.",14.98,{"$f":"IF(ISBLANK(E299),\"\", PRODUCT(C299,E299))","v":749},"Ventiliatorius su koja, pastatomas FS40-15Q"]
[null,null,null,null,"Suma be PVM",{"$f":"IF((SUMPRODUCT(--(F297:F299=\"\"))>0), \"\", SUM(F297:F299))","v":3452.4},{"$f":"IF((SUMPRODUCT(--(F297:F299=\"\"))>0), \"Neužpildytos visų objektų kainos\", \"\")","v":""}]
[null,null,null,null,"PVM suma",725]
[null,null,null,null,"Suma su PVM",{"$f":"IF(ISBLANK(F301), \"\", SUM(F300:F301))","v":4177.3999999999996}]
[]
["8.","Elektros varikliai\n"]
["8.1.","Asinchroninis el. variklis, flanšinio tvirtinimo,400/230 V, su pajungimo gnybtynu , uždaro  išpildymo, 1,0 kW,1500 aps/min.\n\"\n",2,"vnt.",126.1,{"$f":"IF(ISBLANK(E305),\"\", PRODUCT(C305,E305))","v":252.2},"Elektros variklis AIR80A4 IM1081 1kW 1500 aps/min."]
["8.2.","Asinchroninis el. variklis, flanšinio tvirtinimo,400/230 V, su pajungimo gnybtynu , uždaro  išpildymo, 1,5 kW,1500 aps/min.\n",2,"vnt.",137.80000000000001,275.60000000000002,"Elektros variklis AIR80B4 IM1081 1,5kW 1500 aps/min."]
["8.3.","Asinchroninis el. variklis, flanšinio tvirtinimo,400/230 V, su pajungimo gnybtynu , uždaro  išpildymo, 2 kW,1500 aps/min.\n",2,"vnt.",172.9,345.8,"Elektros variklis AIR90L4 IM1081 2kW 1500 aps/min."]
["8.4.","Asinchroninis el. variklis, flanšinio tvirtinimo,400/230 V, su pajungimo gnybtynu , uždaro  išpildymo, 2,5 kW,1500 aps/min.\n",2,"vnt.",195,390,"Elektros variklis AIR100S4 IM3081 2,5kW 1500 aps/min."]
["8.5.","Asinchroninis el. variklis su padu 400/230 V, su pajungimo gnybtynu , uždaro  išpildymo, 1,5 kW,1500 aps/min.\n",2,"vnt.",127.4,254.8,"Elektros variklis AIR80B4 IM3081 1,5kW 1500 aps/min."]
["8.6.","Asinchroninis el. variklis su padu 400/230 V, su pajungimo gnybtynu , uždaro  išpildymo, 2 kW,1500 aps/min.\n",2,"vnt.",159.9,319.8,"Elektros variklis AIR90L4 IM2081 2kW 1500 aps/min."]
[null,null,null,null,"Suma be PVM",{"$f":"IF((SUMPRODUCT(--(F305:F310=\"\"))>0), \"\", SUM(F305:F310))","v":1838.1999999999998},{"$f":"IF((SUMPRODUCT(--(F305:F310=\"\"))>0), \"Neužpildytos visų objektų kainos\", \"\")","v":""}]
[null,null,null,null,"PVM suma",386.02]
[null,null,null,null,"Suma su PVM",{"$f":"IF(ISBLANK(F312), \"\", SUM(F311:F312))","v":2224.2199999999998}]

{"sheet":"Subtiekėjai","index":1,"n_rows":100,"n_cols":9,"rows_kept":100,"cut":false,"hidden":false,"merged":[[1,0,1,10],[3,0,3,1],[3,2,3,4],[3,5,3,7],[3,8,3,9],[4,0,4,1],[4,2,4,4],[4,5,4,7],[4,8,4,9],[5,0,5,1],[5,2,5,4],[5,5,5,7],[5,8,5,9],[6,0,6,1],[6,2,6,4],[6,5,6,7],[6,8,6,9],[7,0,7,1],[7,2,7,4],[7,5,7,7],[7,8,7,9],[8,0,8,1],[8,2,8,4],[8,5,8,7],[8,8,8,9],[10,0,10,9],[12,1,12,3],[12,4,12,5],[12,6,12,7],[12,8,12,9],[13,1,13,3],[13,4,13,5],[13,6,13,7],[13,8,13,9],[14,1,14,3],[14,4,14,5],[14,6,14,7],[14,8,14,9],[15,1,15,3],[15,4,15,5],[15,6,15,7],[15,8,15,9],[16,1,16,3],[16,4,16,5],[16,6,16,7],[16,8,16,9],[17,1,17,3],[17,4,17,5],[17,6,17,7],[17,8,17,9],[19,0,19,10],[21,0,21,3],[21,4,21,9],[22,0,22,9],[23,0,23,9],[25,0,25,9],[29,0,29,3],[29,4,29,9],[32,0,32,3],[32,4,32,9]]}
[]
["Subtiekėjai ir jiems perduodama vykdyti pirkimo sutarties dalis:"]
[]
["Eil. Nr",null,"Subtiekėjo pavadinimas",null,null,"Pirkimo objekto dalies, perduodamos vykdyti subtiekėjui, aprašymas",null,null,"Procentas perduodamos vykdyti pirkimo objekto dalies nuo pasiūlymo kainos su PVM (pildoma, jei ūkio subjektas vykdys sutartį)"]
["Tiekėjo text",null,"Tiekėjo text",null,null,"Tiekėjo text",null,null,"Tiekėjo text"]
["Tiekėjo text",null,"Tiekėjo text",null,null,"Tiekėjo text",null,null,"Tiekėjo text"]
["Tiekėjo text",null,"Tiekėjo text",null,null,"Tiekėjo text",null,null,"Tiekėjo text"]
["Tiekėjo text",null,"Tiekėjo text",null,null,"Tiekėjo text",null,null,"Tiekėjo text"]
["Tiekėjo text",null,"Tiekėjo text",null,null,"Tiekėjo text",null,null,"Tiekėjo text"]
[]
["Kartu su pasiūlymu pateikiami šie dokumentai:"]
[]
["Eil.Nr.","Dokumentas",null,null,"Ar dokumnetas konfidencialus? (Taip/Ne)",null,"Prisegtos bylos (failo) pavadinimas ",null,"Paaiškinimas, kokia konkreti informacija dokumente yra konfidenciali"]
["Tiekėjo text","Tiekėjo text",null,null,"Tiekėjo text",null,"Tiekėjo text",null,"Tiekėjo text"]
["Tiekėjo text","Tiekėjo text",null,null,"Tiekėjo text",null,"Tiekėjo text",null,"Tiekėjo text"]
["Tiekėjo text","Tiekėjo text",null,null,"Tiekėjo text",null,"Tiekėjo text",null,"Tiekėjo text"]
["Tiekėjo text","Tiekėjo text",null,null,"Tiekėjo text",null,"Tiekėjo text",null,"Tiekėjo text"]
["Tiekėjo text","Tiekėjo text",null,null,"Tiekėjo text",null,"Tiekėjo text",null,"Tiekėjo text"]
[]
["Pasirašydamas šį pasiūlymą, tvirtintu, kad:\n1) pasiūlymo dokumentuose pateikti duomenys yra tikri;\n2) siūlomas Pirkimo objektas visiškai atitinka Pirkimo dokumentuose nustatytus reikalavimus;\n3) sutinku su visomis Pirkimo dokumentuose nustatytomis sąlygomis;\n4) pasiūlymas galioja iki termino, nustatyto Pirkimo dokumentuose; \n5) mes esame / nesame (nereikalingą išbraukti) laikomi asocijuotais (susijusiais) su Perkančiuoju subjektu pagal Lietuvos Respublikoje galiojančių teisės aktų (Lietuvos Respublikos pelno mokesčio, Lietuvos Respublikos pridėtinės vertės mokesčio ir Lietuvos Respublikos gyventojų pajamų mokesčio įstatymų) nuostatas; \n6) savo pasiūlymo galiojimą užtikrinsiu pagal Specialiųjų sąlygų 6.1 punktą (jei taikoma)."]
[]
["Pasiūlymo galiojimo užtikrinimui pateikiame :"]
["Tiekėjo text"]
["(Nurodyti užtikrinimo būdą, dydį, dokumentus)"]
[]
["\nPasiūlymas galioja iki termino, nustatyto pirkimo dokumentuose.\n\nPasiūlymo neatskiriama dalis yra (rašoma, jeigu buvo reikalauta prie pasiūlymo pridėti atitinkamą dokumentą)"]
[]
[]
[]
["Tiekėjo arba jo įgalioto asmens pareigų pavadinimas",null,null,null,"Tiekėjo text"]
[]
[]
["Pasirašančio asmens vardas ir pavardė",null,null,null,"Tiekėjo text"]
[]
[]
[]
[]
[]
[]
[]
[]
[]
[]
[]
[]
[]
[]
[]
[]
[]
[]
[]
[]
[]
[]
[]
[]
[]
[]
[]
[]
[]
[]
[]
[]
[]
[]
[]
[]
[]
[]
[]
[]
[]
[]
[]
[]
[]
[]
[]
[]
[]
[]
[]
[]
[]
[]
[]
[]
[]
[]
[]
[]
[]
[]
[]
[]
[]
[]
["3571 2019-11-11 09:51:37"]

{"sheet":"Taisykles","index":2,"n_rows":14,"n_cols":8,"rows_kept":14,"cut":false,"hidden":false,"merged":[]}
["Sheet parametrai","Reikšmės",null,null,null,null,"Lentlės nubraižymas ant atraštės ir žemiau","Lentelė atvaizduojama su kraštinėmis. Dalies pavadinimas (kiekvienos atskiros lentelės pirmas stulpelis) suliejamas (angl. merge)nuo pavadinimo dalies iki lentelės stulpelių pabaigos. Jei po ,,Prekės parametrai\" stulpelio parametro eilutėje (numeruojama 3 skaitmenimis x.x.x.) yra kitų stulpelių, jų laukai irgi suliejami. \nTekstas pateikiamas Times New Roman, 12pt, lygiuojama pagal kairyjį šoną "]
["Last column","J"]
["Last row",317]
["Parttag","Pabaiga"]
[]
[]
["Veiksmai sheete"]
["Žymė","Tipas","Formatas"]
[null,"Fonas"]
["Tiekėjo text","Langelis","Text"]
["Tiekėjo currency","Langelis"]
["Tiekėjo general","Langelis","Text"]
["Tiekėjo date","Langelis","2014-04-16"]
[28,"Eilutė","Text"]